• 首页
  • 本馆介绍
  • 公告通知
  • 最新文献
  • 馆藏检索
  • 电子资源
  • 读者导购
  • 参考咨询
  • 我的图书馆
  • 登录
  • 详细信息显示
  • 放入我的书架
  • 预约/预借图书
  • 作者相关作品
  • 分类相关作品
  • 丛书相关作品
  • 出版社相关作品

书目信息

  • 表格格式
  • 工作单格式
  • 卡片格式
书名: Microprocessors and microcomputer systems
作者: Guthikonda V. Rao
分册号:
分册名:
出版地: New York :
 
出版社: Van Nostrand Reinhold
出版时间: c1978.
页数: 581 p. :
开本: 29 cm.
丛书名:
中图分类号:
科图分类号:
其他分类号: TP36:H31
主题词:
电子资源:
000 00831nam 2200253 a 4500
001 E0729222016
005 20070303081022.10
008 771005s1978 nyua 00110 eng
008 uu
010    @a77020259
020    @a0442220006.
049    @aN5LA
050 0  @aQA76.5 @b.R36
082    @a001.6/4/044
090    @aTP36:H31
099    @dTP36:H31@ex72
100 10 @aRao, Guthikonda V.
245 10 @aMicroprocessors and microcomputer systems / @cGuthikonda V. Rao
260 0  @aNew York :@bVan Nostrand Reinhold,@cc1978.
300    @a581 p. :@bill. ;@c29 cm.
500    @aIncludes index.
650  0 @aMicroprocessors.
650  0 @aMicrocomputers. @b00 @c20020930 @lNLC09 @h2247 @b00 @c20021021 @lNLC09 @h1504 @lNLC09 @h2313 @lNLC09 @h1904 @b00 @c20030716 @lNLC09 @h0333
852 9  @bWWJC @cJ08S @k2 @hTP36 @iRGV
    
    Microprocessors and microcomputer systems / / Guthikonda V. Rao.-New York : : Van Nostrand Reinhold, , c1978.
    581 p. : : ill. ; ; 29 cm.
    Includes index.
    
    ISBN 0442220006.
    
●
相关链接 在E读中查询图书 在五车中查询图书 在当当中查询图书 在豆瓣中查询图书


正题名:Microprocessors and microcomputer systems     索取号:TP36:H31/x72         预约/预借

序号 登录号 条形码 馆藏地/架位号 状态 备注
1 137009   202457055   第四借阅区/ [索取号:TP36:H31/x72] 在馆    
2 137010   202457046   第四借阅区/ [索取号:TP36:H31/x72] 在馆    
3 137011   202457037   第四借阅区/ [索取号:TP36:H31/x72] 在馆    
唐山师范学院图书馆 欢迎您!
大连网信软件有限公司© 版权所有